000
00283nam a2200109Ia 4500
008
230302s9999 xx 000 0 und d
082
_a
005.3HUM
100
_a
HUMPHERY (Watts)
245
_a
Introduction to the Team Software Process
260
_a
NEW DELHI
_b
PEARSON
365
_c
RS
999
_c
147708
_d
147708